UV and X-Ray spectroscopy of astrophysical and laboratory plasmas (Record no. 12730)

MARC details
000 -LEADER
fixed length control field 00938nam a2200193Ia 4500
003 - CONTROL NUMBER IDENTIFIER
control field IN-BaIIA
008 - FIXED-LENGTH DATA ELEMENTS--GENERAL INFORMATION
fixed length control field 211028s9999 xx 000 0 eng d
020 ## - INTERNATIONAL STANDARD BOOK NUMBER
International Standard Book Number 4-946443-34-7
040 ## - CATALOGING SOURCE
Transcribing agency IIA Library
080 ## - UNIVERSAL DECIMAL CLASSIFICATION NUMBER
Universal Decimal Classification number 535.33(082.2)
Item number YAM
111 ## - MAIN ENTRY--MEETING NAME
Meeting name or jurisdiction name as entry element Colloquium on UV and X-ray Spectroscopy of Astrophysical and Laboratory Plasmas
Number of part/section/meeting 11nth
Location of meeting Japan
Date of meeting or treaty signing 1995 May 29- Jun 2
9 (RLIN) 22288
245 #0 - TITLE STATEMENT
Title UV and X-Ray spectroscopy of astrophysical and laboratory plasmas
Remainder of title proceedings of the eleventh colloquium on UV and X-ray spectroscopy of astrophysical and laboratory plasmas held in Nagoya, Japan, May 29-Jun 2 1995
Statement of responsibility, etc. edited by K. Yamashita and T. Watanabe
260 ## - PUBLICATION, DISTRIBUTION, ETC.
Place of publication, distribution, etc. Japan
Name of publisher, distributor, etc. Universal Academy Press
Date of publication, distribution, etc. 1996
300 ## - PHYSICAL DESCRIPTION
Extent xii, 521p.
490 ## - SERIES STATEMENT
Series statement Frontier Science Series no. 15
650 ## - SUBJECT ADDED ENTRY--TOPICAL TERM
Topical term or geographic name entry element spectroscopy, uv-spectroscopy, x-ray spectroscopy
9 (RLIN) 22289
700 ## - ADDED ENTRY--PERSONAL NAME
Personal name Watanabe, T., ed.
9 (RLIN) 22290
942 ## - ADDED ENTRY ELEMENTS (KOHA)
Koha item type Books
Holdings
Withdrawn status Lost status Damaged status Not for loan Home library Current library Shelving location Date acquired Source of acquisition Cost, normal purchase price Total Checkouts Full call number Barcode Date last seen Cost, replacement price Price effective from Koha item type Purchase Price
        IIA Library-Bangalore IIA Library-Bangalore General Stacks 12/11/1998 UNAP 5250.00   535.33(082.2)/ YAM 13647 05/11/2021 5250.00 12/11/1998 Books Rs. 5250.00

Powered by Koha